普通话使用人口最多的城市(A–Z) - Statistics

General Stats
  • This quiz has been taken 11 times
  • The average score is 19 of 22
Answer Stats
人口 区域 提示 答案 % Correct
A 550 万 华中地区 殷墟所在地,著名的甲骨文(最早的汉字形式)在此被发现 安阳市
100%
B 2190 万 华北地区 拥有紫禁城、长城,是世界上首个同时举办夏季和冬季奥运会的城市 北京市
100%
C 3200 万 西部地区 世界人口最多的直辖市,这座“山城”以麻辣火锅闻名 重庆市
100%
D 750 万 华北地区 中国东北的重要港口城市,以俄式和日式殖民建筑及公园著称 大连市
90%
H 1000 万 华北地区 举办世界最大的冰雪雕塑节,并拥有圣索菲亚教堂等俄式地标 哈尔滨市
90%
K 850 万 华南地区 因全年气候温和被称为“春城”,是通往石林和东南亚的门户 昆明市
90%
L 440 万 西部地区 古丝绸之路的重要节点,以兰州拉面闻名世界 兰州市
90%
N 930 万 华东地区 多个王朝及中华民国的都城,拥有中山陵 南京市
90%
Q 1010 万 华东地区 以德式建筑闻名,是中国最著名啤酒的诞生地 青岛市
90%
S 910 万 华北地区 清朝的第一个首都 沈阳市
90%
T 1390 万 华北地区 以建在桥上的摩天轮和欧式“五大道”街区闻名 天津市
90%
W 1370 万 华中地区 被长江和汉江分割的巨大“三镇城市”,以黄鹤楼闻名 武汉市
90%
X 1300 万 西部地区 丝绸之路的起点,兵马俑所在地 西安市
90%
F 820 万 华中地区 历史可追溯至春秋时期,是农业和造纸业的重要中心 阜阳市
80%
G 600 万 华南地区 近年来成为中国的大数据中心,拥有大量为全球科技公司服务的服务器园区 贵阳市
80%
J 920 万 华东地区 以 72 处天然泉水闻名,其中最著名的是趵突泉 济南市
80%
P 500 万 华中地区 “煤城”,河南中部重要的能源和冶金中心 平顶山市
80%
R 300 万 华东地区 城市名称意为“阳光之城”,以洁净的海滩著称 日照市
80%
Y 710 万 华东地区 以苹果种植、葡萄酒产业以及蓬莱海市蜃楼闻名 烟台市
80%
Z 1260 万 华中地区 巨大的铁路枢纽,是通往少林寺(禅宗与功夫发源地)的门户 郑州市
80%
E 210 万 华北地区 成吉思汗陵所在地 鄂尔多斯市
70%
M 490 万 西部地区 “中国科技城”,是电子工业和核研究的重要中心 绵阳市
50%
No matching quizzes found
Score Distribution
Percent of People with Each Score
Percentile by Number Answered
Your Score History
You have not taken this quiz